000 00735nam a2200205 i 4500
001 126719
003 ES-MaACL
005 20250831123109.0
007 t|
008 070214s1905 sp r ||||1| spa d
245 0 0 _aResumen de la información acerca de los obreros agrícolas en las provincias de Andalucía y Extremadura.
260 _aMadrid :
_bM. Minuesa de los Ríos,
_c1905.
300 _a247 p. ;
_c32 x 23 cm.
500 _aPrecede al tít.: Instituto de Reformas Sociales.
650 4 _aTrabajadores agrícolas-
_zAndalucía.
_9157858
650 4 _aTrabajadores agrícolas-
_zExtremadura.
_9157859
710 2 _aInstituto de Reformas Sociales (España)
_95000
852 _aES-MaACL
_jB-12031
999 _c126719
_d126719